000 00482 a2200157 4500
005 20250516084858.0
020 _a978-0-07-337867-1
082 _aLECT 371.102 ARE
100 _aARENDS, R. I.
245 _aLearning to Teach
250 _a8th Ed.
260 _aBoston,
_bMcGraw-Hill,
_c2009.
300 _axxiii, 584p.: ill.; figure, picture, table.
_bGlossary, Figure & Reference.
_c25cm.
856 _yAccess Online Book
_fLearning to Teach
_dwww.mhhe.com/arends8e
942 _2ddc
_cBKS
999 _c2360
_d2360